Datum a čas kvízu
18
Celkem bodů
Celkový počet nahraných bodů na tomto kvízu bez doplňovacích otázek.
6.
Pořadí na kvízu
Konečné umístění týmu na tomto kvízu.
Zaznamenané odpovědi
| # | Otázka | Odpověď | Body | Výsledky |
|---|---|---|---|---|
| 1. | "Po ___ společných letech plný... | třiceti | 1 | |
| 2. | V minulém týdnu se objevila zp... | A | 0 | |
| 3. | Devětadvacetiletý Nigerijec Tu... | hrál šachy | 0 | |
| 4. | Společnost Skytrax každoročně... | Katar | 0 | |
| 5. | Při závodě třídy Moto3 ve Velk... | snažil se nastartovat soupeřovu motorku | 0 | |
| 6. | Jihoafrická republika má de fa... | Kapské město; Bloemfontein | 0.5 | |
| 7. | Které evropské hlavní město se... | Oslo | 0 | |
| 8. | Nyní vám dáme na výběr, zda si... | Windhoek; Manila | 0 | |
| 9. | Které malebné hlavní město lež... | Tallinn | 0 | |
| 10. | Napište, které hlavní město (s... | Reykjavík; Wellington | 0.5 |